[Event "Ilo Regional Sur op"]
[Site "Ilo Moquegua"]
[Date "2012.04.08"]
[Round "7"]
[White "Salluca Huallpa, Fredy"]
[Black "Chicalla Zega, Francisco"]
[Result "1-0"]
[WhiteElo "1700"]
[BlackElo "1857"]
[PlyCount "147"]
[EventDate "2012.04.05"]
[EventType "swiss"]
[EventRounds "7"]
[EventCountry "PER"]
[SourceTitle "EXT 2013"]
[Source "ChessBase"]
[SourceDate "2012.11.22"]
[SourceVersion "1"]
[SourceVersionDate "2012.11.22"]
[SourceQuality "1"]

1. d4 Nf6 2. Nf3 c5 3. c4 cxd4 4. Nxd4 g6 5. g3 Nc6 6. Bg2 Qb6 7. Nxc6 bxc6 8. b3 Bg7 9. Be3 Qc7 10. Nd2 Ng4 11. Rc1 Nxe3 12. fxe3 Bh6 13. Qc2 0-0 14. Qc3 Rb8 15. 0-0 Bg7 16. Qd3 c5 17. Nf3 d6 18. Rf2 Rb6 19. Rcf1 Bh6 20. e4 Ra6 21. e3 Ra3 22. Qd2 Be6 23. h3 Rb8 24. g4 Rb6 25. Rc1 Rba6 26. Rc2 Qa5 27. Qd3 f6 28. Rce2 Qc7 29. Ne1 Qc8 30. Bf3 Bg5 31. Ng2 Bf7 32. Nf4 Bh4 33. Rg2 Kf8 34. Nd5 R3a5 35. Nc3 Ra3 36. Nb5 R3a5 37. Rd2 Rc6 38. Qc3 Raa6 39. e5 fxe5 40. Bxc6 Qxc6 41. Qd3 Qf3 42. e4 Qxd3 43. Rxd3 Bg5 44. Rf3 Bf4 45. Rgf2 g5 46. a4 Bg6 47. Re2 Kf7 48. Kg2 e6 49. Rd3 Ke7 50. Kf3 Be8 51. Rc2 h5 52. Nc7 Rc6 53. Nxe8 Kxe8 54. gxh5 Ke7 55. Rg2 Rc8 56. Rg1 a5 57. Rgd1 Rc6 58. Kg4 Rb6 59. Rh1 Rb8 60. Rhd1 Rb6 61. h4 gxh4 62. Kxh4 Rb4 63. Rh3 d5 64. exd5 Rb8 65. d6+ Kd7 66. Kg4 Rf8 67. h6 Rg8+ 68. Kf3 Rh8 69. h7 Bg5 70. Rg1 Bf6 71. Rg8 Kxd6 72. Rxh8 Bxh8 73. Ke4 Ke7 74. Rg3 1-0

[Event "Ilo Regional Sur op"]
[Site "Ilo Moquegua"]
[Date "2012.04.07"]
[Round "5"]
[White "Salluca Huallpa, Fredy"]
[Black "Aguilar, Juan"]
[Result "1/2-1/2"]
[WhiteElo "1700"]
[BlackElo "2274"]
[PlyCount "65"]
[EventDate "2012.04.05"]
[EventType "swiss"]
[EventRounds "7"]
[EventCountry "PER"]
[SourceTitle "EXT 2013"]
[Source "ChessBase"]
[SourceDate "2012.11.22"]
[SourceVersion "1"]
[SourceVersionDate "2012.11.22"]
[SourceQuality "1"]

1. d4 Nf6 2. Nf3 g6 3. c4 Bg7 4. Nc3 0-0 5. e4 d6 6. h3 Nbd7 7. Be2 e5 8. 0-0 Re8 9. d5 Nc5 10. Qc2 a5 11. Be3 b6 12. Rfe1 Rf8 13. Nd2 Ne8 14. Rf1 f5 15. f4 Bh6 16. Bxc5 bxc5 17. fxe5 dxe5 18. Qd3 Nd6 19. Nb3 Qg5 20. Rad1 fxe4 21. Rxf8+ Bxf8 22. Nxe4 Nxe4 23. Qxe4 Bf5 24. Qf3 e4 25. Qf2 a4 26. Nxc5 e3 27. Qf3 Bxc5 28. d6 c6 29. Qxc6 Ra5 30. Qd5+ Kg7 31. d7 Qd8 32. Qe5+ Kf7 33. Qd5+ 1/2-1/2